Pla de Cultura de Sant Cugat
Publicado:
Barcelona :
Diputació de Barcelona. Àrea de Cultura. Centre d'Estudis i Recursos Culturals ; Sant Cugat del Vallès : Ajuntament de Sant Cugat ,
2005
Descripción Física:
101 p. : taules ; 29 cm
Colección:
Papers de treball ; 8
MARC
| LEADER | 00000nam a2200000Ia 4500 | ||
|---|---|---|---|
| 001 | 21664 | ||
| 008 | 160829s2005 xx 000 0 cat d | ||
| 080 | |a M-6-214 | ||
| 245 | |a Pla de Cultura de Sant Cugat | ||
| 260 | |a Barcelona : |b Diputació de Barcelona. Àrea de Cultura. Centre d'Estudis i Recursos Culturals ; Sant Cugat del Vallès : |b Ajuntament de Sant Cugat, |c 2005 | ||
| 300 | |a 101 p. : |b taules ; |c 29 cm | ||
| 490 | |a Papers de treball ; 8 | ||
| 610 | 1 | 0 | |a Sant Cugat del Vallès (Catalunya). |b Ajuntament |9 53923 |
| 650 | 0 | |a Cultura |z Sant Cugat del Vallès (Catalunya) |9 22630 | |
| 710 | 1 | |a Barcelona (Catalunya : Província). |b Centre d'Estudis i Recursos Culturals |9 52487 | |
| 710 | 1 | |a Barcelona (Catalunya : Província). |b Àrea de Cultura |9 53536 | |
| 710 | 1 | |a Sant Cugat del Vallès (Catalunya). |b Ajuntament |9 53923 | |
| 901 | |a Arxiu | ||
| 942 | |n 1 | ||
| 952 | |0 0 |1 0 |4 0 |6 M6214 |7 1 |9 52556 |a Arxiu |b Arxiu |d 2016-12-01 |l 0 |o M-6-214 |p 21664 |r 2016-12-01 00:00:00 |w 2016-12-01 |y ARXIU | ||
| 999 | |c 56405 |d 56405 | ||